Les 50... - Édition Synonymes - Statistiques

Statistiques générales
  • Ce quiz a été pris 80 fois
  • Le résultat moyen est 19 sur 50
Statistiques - réponses
Mot Synonyme % Correct
Dérober Voler
96%
Dissimuler Cacher
89%
Étrange Bizarre
77%
Rédiger Écrire
76%
Conserver Garder
76%
Cesser Arrêter
72%
Patienter Attendre
71%
Rectifier Corriger
71%
Murmurer Chuchoter
61%
Endommager Abîmer
57%
Crédule Naïf
55%
Vif Rapide
55%
Apaiser Calmer
51%
Désir Envie
51%
Anéantir Détruire
49%
Illuminer Éclairer
48%
Alerter Prévenir
48%
Confesser Avouer
45%
Imperfection Défaut
45%
Persister Continuer
44%
Diminuer Baisser
43%
Loquace Bavard
41%
Amener Apporter
39%
Adroit Habile
39%
Plaisant Agréable
36%
Absolu Total
35%
Concevoir Créer
33%
Blessure Plaie
32%
Énigme Mystère
31%
Approuver Valider
29%
Cordial Amical
24%
Complexe Compliqué
24%
Contempler Observer
24%
Réconforter Consoler
23%
Lier Unir
23%
Arrogant Prétentieux
20%
Démotiver Décourager
16%
Bannir Exclure
15%
Octroyer Accorder
13%
Capacité Aptitude
13%
Avide Cupide
13%
Répandre Diffuser
12%
Banal Ordinaire
11%
Blâmer Reprocher
8%
Aviser Informer
7%
Intrépide Audacieux
4%
Attentif Vigilant
4%
Altérer Déformer
3%
Affronter Braver
1%
Capriver Fasciner
0%
Aucun quiz correspondant
Distribution des résultats
% des personnes avec chaque résultat
Percentile par nombre de réponses
Votre historique - résultats
Vous n’avez pas pris ce quiz